000
00299nam a22001337a 4500
008
210507b ||||| |||| 00| 0 eng d
041
_a
eng
080
_a
336
082
_a
336
100
_a
57
101
_a
FIN
245
_a
The Strategy of Corporate Financing
_c
Hutchison,G.S
942
_2
udc
_c
BK
999
_c
57109
_d
57109